000 00526nam a2200181 i 4500
001 121686
003 ES-MaACL
005 20250927115501.0
007 t|
008 070214s1923 fr r ||||1| fre d
100 1 _aPlattard, Jean.
_992607
245 1 2 _aL'adolescence de Rabelais en Poitou /
_cJean Plattard.
260 _aParis :
_bLes Belles-Lettres,
_c1923.
300 _aXII, 210 p. ;
_c21 x 12 cm.
600 1 4 _aRabelais, François,
_dca. 1494-1553
_994857
852 _aES-MaACL
_jF-5065
999 _c121686
_d121686